| 000 | 00495nam a22001697a 4500 | ||
|---|---|---|---|
| 003 | BD-DhUL | ||
| 005 | 20170706100510.0 | ||
| 008 | 170320s1347 iq ||||| |||| 00| 0 a d | ||
| 040 |
_aBD-DhUL _cBD-DhUL |
||
| 082 |
_a297.365 _bMAA |
||
| 100 | 1 | _aمھدی، محمد | |
| 245 | 1 | 0 |
_aاحسن الودیعۃ / _cمحمد مھدی |
| 260 |
_aبغداد : _bمطبعۃ حلنجاح، _c۱۳۴۷۔ |
||
| 300 |
_aص۔ ۲۲۴ ؛ _c۲۱ سم۔ |
||
| 650 | 0 | _aIslamic Moral theolegg | |
| 942 |
_2ddc _cBK |
||
| 999 |
_c210572 _d210572 |
||